L'idéologie structuraliste (Record no. 39425)
[ view plain ]
| 000 -LEADER | |
|---|---|
| fixed length control field | 00626 a2200241 4500 |
| 003 - CONTROL NUMBER IDENTIFIER | |
| control field | 0 |
| 005 - DATE AND TIME OF LATEST TRANSACTION | |
| control field | 20160609161549.0 |
| 008 - FIXED-LENGTH DATA ELEMENTS--GENERAL INFORMATION | |
| fixed length control field | 100803t xxu||||| |||| 00| 0 eng d |
| 020 ## - NUMERO INTERNATIONAL NORMALISE DES LIVRES | |
| International Standard Book Number | 2-02-004260-6 |
| 040 ## - SOURCE DU CATALOGAGE | |
| Original cataloging agency | BUAC |
| 041 ## - CODE DE LANGUE | |
| Language code of text/sound track or separate title | Fr. |
| 082 ## - DEWEY DECIMAL CLASSIFICATION NUMBER | |
| Classification number | 140 |
| 100 ## - VEDETTE PRINCIPALE - NOM DE PERSONNE | |
| Personal name | Lefebvre, Henri |
| 9 (RLIN) | 7948 |
| 245 ## - TITLE STATEMENT | |
| Title | L'idéologie structuraliste |
| Statement of responsibility, etc | / Henri Lefebvre |
| 260 ## - PUBLICATION, DISTRIBUTION, ETC. (IMPRINT) | |
| Place of publication, distribution, etc | Paris : |
| Name of publisher, distributor, etc | Ed. Anthropos, |
| Date of publication, distribution, etc | 1971 |
| 300 ## - PHYSICAL DESCRIPTION | |
| Extent | 251 p. |
| 300 ## - PHYSICAL DESCRIPTION | |
| Other physical details | 18 cm. |
| 440 ## - SERIES STATEMENT/ADDED ENTRY--TITLE | |
| Title | (Collection Points. Sciences huamines |
| Number of part/section of a work | 66) |
| 9 (RLIN) | 7949 |
| 630 ## - SUBJECT ADDED ENTRY--UNIFORM TITLE | |
| Uniform title | PHILOSOPHIE |
| 9 (RLIN) | 7950 |
| 650 ## - SUBJECT ADDED ENTRY--TOPICAL TERM | |
| Topical term or geographic name as entry element | Structuralisme : philosophie |
| 9 (RLIN) | 7951 |
| 942 ## - ADDED ENTRY ELEMENTS (KOHA) | |
| Koha item type | Livre |
| Withdrawn status | Lost status | Damaged status | Not for loan | Location (home branch) | Sublocation or collection (holding branch) | Date acquired | Source of acquisition | Koha issues (times borrowed) | Koha full call number | Koha date last seen | Copy number | Price effective from | Koha item type |
|---|---|---|---|---|---|---|---|---|---|---|---|---|---|
| Bibliothèque Universitaire Centrale | Bibliothèque Universitaire Centrale | ACHAT | 140 LEF | 16/07/2010 | 1 | 16/07/2010 | Livre | ||||||
| Bibliothèque Universitaire Centrale | Bibliothèque Universitaire Centrale | ACHAT | 140 LEF | 16/07/2010 | 2 | 16/07/2010 | Livre |